000 00628nmm a2200193Ia 4500
008 251105s9999||||xx |||||||||||||||||und||
020 _a9788437099163
041 _aspa
100 _aSaz Campos, Ismael
245 0 _aEspaña en la guerra civil europea :
_b Contribuciones de un hispanista
264 _a[Madrid, España] :
_bPublicaciones de la Universidad de Valencia (PUV),
_c2017
300 _a306 páginas
490 _aHONORIS CAUSA
650 _aHistory of Europe: Spain
700 _aSaz Campos, Ismael
700 1 _a Ruiz Torres, Pedro
856 _uhttps://public.digitaliapublishing.com/a/49568
942 _cCF
999 _c71214
_d71214